| Tag |
First Indicator |
Second Indicator |
Subfields |
| LEADER |
00000pam a2200000 a 4500 |
| 001 |
in00000090957 |
| 005 |
20151008063833.0 |
| 008 |
810316s1982 njua b 00110 eng |
| 010 |
|
|
|a 81004453
|
| 020 |
|
|
|a 0132953609
|
| 035 |
|
|
|a (OCoLC)07307312
|
| 035 |
|
|
|9 AAK3023AM
|
| 039 |
0 |
|
|a 2
|b 3
|c 3
|d 3
|e 3
|
| 040 |
|
|
|a DLC
|c DLC
|d TXA
|d UtOrBLW
|
| 049 |
|
|
|a TXAM
|c [933057]
|
| 050 |
0 |
0 |
|a HD58.8
|b .H37 1982
|
| 082 |
0 |
|
|a 658.4/063
|2 19
|
| 100 |
1 |
|
|a Harvey, Donald F.,
|d 1931-
|
| 245 |
1 |
3 |
|a An experiential approach to organization development /
|c Donald F. Harvey, Donald R. Brown.
|
| 250 |
|
|
|a 2nd ed.
|
| 264 |
|
1 |
|a Englewood Cliffs, N.J. :
|b Prentice-Hall,
|c [1982]
|
| 264 |
|
4 |
|c ©1982
|
| 300 |
|
|
|a xviii, 477 pages :
|b illustrations ;
|c 24 cm.
|
| 336 |
|
|
|a text
|b txt
|2 rdacontent
|
| 337 |
|
|
|a unmediated
|b n
|2 rdamedia
|
| 338 |
|
|
|a volume
|b nc
|2 rdacarrier
|
| 504 |
|
|
|a Includes bibliographical references and indexes.
|
| 650 |
|
0 |
|a Organizational change.
|
| 700 |
1 |
|
|a Brown, Donald R.,
|d 1945-
|
| 999 |
|
|
|a MARS
|
| 999 |
f |
f |
|s 9ea8ed09-19fb-3458-b7c3-b60f6d45579a
|i e1a12b60-a082-30fc-b238-1a45cd2ddc86
|t 0
|
| 952 |
f |
f |
|p ric
|a Texas A&M University
|b Rellis Campus
|c Joint Library Facility
|d Remote Storage
|t 0
|e HD58.8 .H37 1982
|h Library of Congress classification
|i unmediated -- volume
|m A14806124401
|
| 998 |
f |
f |
|a HD58.8 .H37 1982
|t 0
|l Remote Storage
|